[Event "African Online-ch O50-Seniors 2021"]
[Site "Online"]
[Date "2021.02.01"]
[Round "1.2"]
[White "De Villiers, Charles"]
[Black "Fernandes, Luis De Pina"]
[Result "1-0"]
[WhiteElo "2110"]
[BlackElo "1601"]
[PlyCount "125"]
[EventDate "2021.02.01"]
[EventType "swiss"]
[EventCountry "NET"]
[TimeControl "1500+10"]
[WhiteClock "0:05:19"]
[BlackClock "0:05:39"]

1. d4 {[%emt 0:00:00]} Nf6 {[%emt 0:00:06]} 2. Bf4 {[%emt 0:00:05]} g6 {[%emt 0:00:09]} 3. Nc3 {[%emt 0:00:05]} Bg7 {[%emt 0:00:06]} 4. e4 {[%emt 0:00:03]} d6 {[%emt 0:00:06]} 5. Qd2 {[%emt 0:00:03]} O-O {[%emt 0:01:18]} 6. O-O-O {[%emt 0:00:09]} Nbd7 {[%emt 0:01:22]} 7. Nf3 {[%emt 0:00:36]} c5 {[%emt 0:01:01]} 8. d5 {[%emt 0:01:02]} a6 {[%emt 0:00:23]} 9. Bh6 {[%emt 0:01:22]} b5 {[%emt 0:00:09]} 10. Qf4 {[%emt 0:00:27]} Nh5 {[%emt 0:00:49]} 11. Qe3 {[%emt 0:00:24]} b4 {[%emt 0:00:40]} 12. Ne2 {[%emt 0:00:12]} Ne5 {[%emt 0:04:29]} 13. Nxe5 {[%emt 0:00:39]} Bxe5 {[%emt 0:00:26]} 14. Bxf8 {[%emt 0:00:18]} Qxf8 {[%emt 0:00:26]} 15. f4 {[%emt 0:00:14]} Bd4 {[%emt 0:00:09]} 16. Nxd4 {[%emt 0:00:06]} cxd4 {[%emt 0:00:08]} 17. Rxd4 {[%emt 0:00:02]} Qg7 {[%emt 0:00:28]} 18. Rxb4 {[%emt 0:00:16]} Qf6 {[%emt 0:01:46]} 19. g3 {[%emt 0:00:11]} e5 {[%emt 0:00:11]} 20. fxe5 {[%emt 0:00:49]} Qxe5 {[%emt 0:00:11]} 21. Be2 {[%emt 0:00:20]} Nf6 {[%emt 0:00:08]} 22. Qf4 {[%emt 0:00:07]} Qe7 {[%emt 0:00:26]} 23. Rf1 {[%emt 0:00:09]} Nd7 {[%emt 0:00:51]} 24. Bg4 {[%emt 0:01:35]} Ne5 {[%emt 0:00:09]} 25. Bxc8 {[%emt 0:00:08]} Rxc8 {[%emt 0:00:06]} 26. Kb1 {[%emt 0:00:11]} Qc7 {[%emt 0:00:13]} 27. Qd2 {[%emt 0:00:25]} Qa5 {[%emt 0:03:49]} 28. Qd4 {[%emt 0:01:47]} Qc7 {[%emt 0:00:26]} 29. c3 {[%emt 0:00:51]} a5 {[%emt 0:00:05]} 30. Rb6 {[%emt 0:02:37]} Qd7 {[%emt 0:01:34]} 31. Ra6 {[%emt 0:01:18]} Rc4 {[%emt 0:00:21]} 32. Ra8+ {[%emt 0:03:18]} Kg7 {[%emt 0:00:36]} 33. Ra7 {[%emt 0:01:48]} Rxd4 {[%emt 0:02:53]} 34. Rxd7 {[%emt 0:00:06]} Rxe4 {[%emt 0:00:07]} 35. Rxd6 {[%emt 0:00:20]} Nc4 {[%emt 0:00:04]} 36. Rdf6 {[%emt 0:01:11]} Nd2+ {[%emt 0:00:04]} 37. Kc1 {[%emt 0:02:14]} Nxf1 {[%emt 0:00:04]} 38. Rxf1 {[%emt 0:00:02]} f5 {[%emt 0:00:02]} 39. Kd2 {[%emt 0:00:37]} Kf6 {[%emt 0:00:05]} 40. Re1 {[%emt 0:00:54]} Rc4 {[%emt 0:00:48]} 41. Kd3 {[%emt 0:00:09]} Rc7 {[%emt 0:00:09]} 42. c4 {[%emt 0:00:13]} g5 {[%emt 0:00:03]} 43. Kd4 {[%emt 0:00:07]} f4 {[%emt 0:00:07]} 44. Rf1 {[%emt 0:00:11]} Kf5 {[%emt 0:00:07]} 45. c5 {[%emt 0:00:25]} Re7 {[%emt 0:00:09]} 46. d6 {[%emt 0:00:32]} Re4+ {[%emt 0:00:03]} 47. Kd5 {[%emt 0:00:04]} Re5+ {[%emt 0:00:21]} 48. Kc6 {[%emt 0:00:04]} Re2 {[%emt 0:00:28]} 49. d7 {[%emt 0:00:15]} Rd2 {[%emt 0:00:04]} 50. Kc7 {[%emt 0:00:05]} Kg4 {[%emt 0:00:11]} 51. gxf4 {[%emt 0:00:06]} gxf4 {[%emt 0:00:07]} 52. d8=Q {[%emt 0:00:04]} Rxd8 {[%emt 0:00:03]} 53. Kxd8 {[%emt 0:00:02]} f3 {[%emt 0:00:04]} 54. c6 {[%emt 0:00:13]} Kf4 {[%emt 0:00:06]} 55. c7 {[%emt 0:00:03]} Ke3 {[%emt 0:00:01]} 56. c8=Q {[%emt 0:00:04]} Ke2 {[%emt 0:00:02]} 57. Qc4+ {[%emt 0:00:02]} Ke3 {[%emt 0:00:07]} 58. Qc3+ {[%emt 0:00:08]} Ke2 {[%emt 0:00:08]} 59. Qxf3+ {[%emt 0:00:04]} Kd2 {[%emt 0:00:01]} 60. Rd1+ {[%emt 0:00:10]} Kc2 {[%emt 0:00:03]} 61. Qd3+ {[%emt 0:00:02]} Kxb2 {[%emt 0:00:02]} 62. Rb1+ {[%emt 0:00:04]} Kxa2 {[%emt 0:00:01]} 63. Qb3# {[%emt 0:00:03]} 1-0

[Event "African Online-ch O50-Seniors 2021"]
[Site "Online"]
[Date "2021.02.01"]
[Round "1.3"]
[White "Flora, Francisco Jose Estev"]
[Black "Slami, Zoheir"]
[Result "0-1"]
[WhiteElo "1808"]
[BlackElo "1932"]
[PlyCount "110"]
[EventDate "2021.02.01"]
[EventType "swiss"]
[EventCountry "NET"]
[TimeControl "1500+10"]
[WhiteClock "0:02:14"]
[BlackClock "0:21:39"]

1. d4 {[%emt 0:00:00]} d5 {[%emt 0:00:10]} 2. Nf3 {[%emt 0:00:20]} e6 {[%emt 0:00:02]} 3. c4 {[%emt 0:00:16]} Nf6 {[%emt 0:00:05]} 4. Nc3 {[%emt 0:00:24]} Nbd7 {[%emt 0:00:10]} 5. e3 {[%emt 0:00:41]} c6 {[%emt 0:00:02]} 6. Bd3 {[%emt 0:00:16]} Be7 {[%emt 0:00:05]} 7. O-O {[%emt 0:00:16]} O-O {[%emt 0:00:03]} 8. e4 {[%emt 0:00:13]} dxe4 {[%emt 0:00:05]} 9. Nxe4 {[%emt 0:00:18]} Nxe4 {[%emt 0:00:03]} 10. Bxe4 {[%emt 0:00:12]} Nf6 {[%emt 0:00:02]} 11. Bc2 {[%emt 0:00:13]} b6 {[%emt 0:00:02]} 12. Bg5 {[%emt 0:01:13]} Bb7 {[%emt 0:00:17]} 13. Qd3 {[%emt 0:00:44]} g6 {[%emt 0:00:03]} 14. Rad1 {[%emt 0:01:10]} c5 {[%emt 0:00:50]} 15. Rfe1 {[%emt 0:02:27]} Qc7 {[%emt 0:01:08]} 16. Qe2 {[%emt 0:01:02]} cxd4 {[%emt 0:00:26]} 17. Rxd4 {[%emt 0:00:35]} Rfd8 {[%emt 0:00:15]} 18. Red1 {[%emt 0:00:48]} Rxd4 {[%emt 0:00:15]} 19. Rxd4 {[%emt 0:00:24]} Rd8 {[%emt 0:00:04]} 20. Rxd8+ {[%emt 0:01:27]} Qxd8 {[%emt 0:00:12]} 21. h3 {[%emt 0:00:42]} Nd7 {[%emt 0:01:02]} 22. Bxe7 {[%emt 0:00:56]} Qxe7 {[%emt 0:00:05]} 23. Be4 {[%emt 0:00:21]} Nc5 {[%emt 0:00:20]} 24. Bxb7 {[%emt 0:00:20]} Qxb7 {[%emt 0:00:03]} 25. Qe5 {[%emt 0:00:42]} Nd7 {[%emt 0:00:54]} 26. Qd4 {[%emt 0:01:00]} Qc7 {[%emt 0:00:04]} 27. b4 {[%emt 0:00:42]} f6 {[%emt 0:00:10]} 28. a4 {[%emt 0:00:38]} Kf7 {[%emt 0:00:07]} 29. Kf1 {[%emt 0:00:24]} h5 {[%emt 0:00:24]} 30. Ke2 {[%emt 0:00:20]} a5 {[%emt 0:00:16]} 31. bxa5 {[%emt 0:00:53]} bxa5 {[%emt 0:00:04]} 32. Ne1 {[%emt 0:00:59]} Nc5 {[%emt 0:00:06]} 33. Nd3 {[%emt 0:00:27]} Nxa4 {[%emt 0:00:43]} 34. c5 {[%emt 0:00:23]} Qc6 {[%emt 0:00:04]} 35. f3 {[%emt 0:01:50]} e5 {[%emt 0:00:06]} 36. Qxe5 {[%emt 0:00:40]} Qe6 {[%emt 0:01:00]} 37. Qxe6+ {[%emt 0:00:36]} Kxe6 {[%emt 0:00:05]} 38. Ke3 {[%emt 0:00:59]} Kd5 {[%emt 0:00:24]} 39. Nf4+ {[%emt 0:00:40]} Kxc5 {[%emt 0:00:07]} 40. Nxg6 {[%emt 0:00:09]} Nb2 {[%emt 0:00:11]} 41. Kd2 {[%emt 0:00:21]} a4 {[%emt 0:00:02]} 42. Kc3 {[%emt 0:00:30]} Nd1+ {[%emt 0:00:09]} 43. Kc2 {[%emt 0:00:18]} Ne3+ {[%emt 0:00:06]} 44. Kb2 {[%emt 0:00:13]} Kb4 {[%emt 0:00:03]} 45. g4 {[%emt 0:00:21]} Nc4+ {[%emt 0:00:06]} 46. Ka2 {[%emt 0:00:22]} hxg4 {[%emt 0:00:06]} 47. Kb1 {[%emt 0:00:12]} gxf3 {[%emt 0:00:09]} 48. Nf4 {[%emt 0:00:52]} Nd2+ {[%emt 0:00:16]} 49. Ka2 {[%emt 0:00:15]} Ne4 {[%emt 0:00:15]} 50. Nd3+ {[%emt 0:00:32]} Kc3 {[%emt 0:00:08]} 51. Nf4 {[%emt 0:00:33]} f2 {[%emt 0:00:14]} 52. h4 {[%emt 0:00:12]} f1=Q {[%emt 0:00:07]} 53. h5 {[%emt 0:00:09]} Qf2+ {[%emt 0:00:09]} 54. Ka3 {[%emt 0:00:16]} Qb2+ {[%emt 0:00:03]} 55. Kxa4 {[%emt 0:00:10]} Qb4# {[%emt 0:00:04]} 0-1

[Event "African Online-ch O50-Seniors 2021"]
[Site "Online"]
[Date "2021.02.01"]
[Round "1.4"]
[White "Belabbas, Haddouche"]
[Black "Mukabi, John"]
[Result "1-0"]
[WhiteElo "1776"]
[BlackElo "1820"]
[PlyCount "73"]
[EventDate "2021.02.01"]
[EventType "swiss"]
[EventCountry "NET"]
[TimeControl "1500+10"]
[WhiteClock "0:03:07"]
[BlackClock "0:03:31"]

{Clock started by Arbiter.} 1. d4 {[%emt 0:00:05]} d5 {[%emt 0:04:21]} 2. Nf3 {[%emt 0:00:05]} Nf6 {[%emt 0:00:11]} 3. Bf4 {[%emt 0:00:05]} e6 {[%emt 0:00:12]} 4. e3 {[%emt 0:00:03]} c5 {[%emt 0:00:08]} 5. c3 {[%emt 0:00:03]} Nc6 {[%emt 0:00:16]} 6. Bd3 {[%emt 0:00:08]} Be7 {[%emt 0:00:18]} 7. Nbd2 {[%emt 0:00:07]} h6 {[%emt 0:00:19]} 8. O-O {[%emt 0:01:09]} O-O {[%emt 0:00:07]} 9. Ne5 {[%emt 0:02:16]} Bd7 {[%emt 0:00:25]} 10. Qf3 {[%emt 0:01:26]} Rc8 {[%emt 0:00:48]} 11. Qh3 {[%emt 0:02:02]} Nxe5 {[%emt 0:02:16]} 12. dxe5 {[%emt 0:01:28]} Ne8 {[%emt 0:00:24]} 13. Bxh6 {[%emt 0:05:54]} gxh6 {[%emt 0:00:08]} 14. Qxh6 {[%emt 0:00:03]} f5 {[%emt 0:00:10]} 15. exf6 {[%emt 0:00:37]} Nxf6 {[%emt 0:00:08]} 16. Qg6+ {[%emt 0:00:19]} Kh8 {[%emt 0:00:07]} 17. Qh6+ {[%emt 0:00:51]} Kg8 {[%emt 0:00:05]} 18. Qg6+ {[%emt 0:00:02]} Kh8 {[%emt 0:00:04]} 19. f4 {[%emt 0:02:52]} Rf7 {[%emt 0:09:47]} 20. Qxf7 {[%emt 0:00:09]} Qe8 {[%emt 0:00:10]} 21. Qxe8+ {[%emt 0:00:11]} Rxe8 {[%emt 0:00:11]} 22. Nf3 {[%emt 0:01:17]} Ng4 {[%emt 0:00:27]} 23. e4 {[%emt 0:00:56]} c4 {[%emt 0:00:23]} 24. Bc2 {[%emt 0:00:13]} Ne3 {[%emt 0:00:24]} 25. Rfc1 {[%emt 0:00:11]} Bc5 {[%emt 0:01:47]} 26. Nd4 {[%emt 0:00:09]} e5 {[%emt 0:00:38]} 27. fxe5 {[%emt 0:00:07]} Nxc2 {[%emt 0:00:36]} 28. Rxc2 {[%emt 0:00:07]} dxe4 {[%emt 0:00:04]} 29. Kh1 {[%emt 0:01:27]} Rxe5 {[%emt 0:00:13]} 30. Re2 {[%emt 0:01:01]} Be8 {[%emt 0:00:15]} 31. Rae1 {[%emt 0:00:28]} Bg6 {[%emt 0:00:06]} 32. h3 {[%emt 0:01:27]} Kg7 {[%emt 0:00:27]} 33. g4 {[%emt 0:00:09]} Rg5 {[%emt 0:01:10]} 34. Ne6+ {[%emt 0:00:16]} Kh6 {[%emt 0:00:10]} 35. Nxg5 {[%emt 0:00:05]} Kxg5 {[%emt 0:00:03]} 36. Rxe4 {[%emt 0:00:12]} Bxe4+ {[%emt 0:00:11]} 37. Rxe4 {[%emt 0:00:03] #r} 1-0

[Event "African Online-ch O50-Seniors 2021"]
[Site "Online"]
[Date "2021.02.01"]
[Round "1.5"]
[White "Ohlson, Cecil"]
[Black "Mawuko Kpodo, Evans"]
[Result "1-0"]
[WhiteElo "1652"]
[BlackElo "1683"]
[Annotator "NA"]
[PlyCount "89"]
[EventDate "2021.02.01"]
[EventType "swiss"]
[EventCountry "NET"]
[SourceTitle "playchess.com"]
[Source "ChessBase"]
[SourceQuality "1"]
[TimeControl "1500+10"]

1. e4 {[%emt 0:00:00]} Nc6 {[%emt 0:00:23]} 2. d3 {[%emt 0:00:09]} e5 {[%emt 0:00:28]} 3. f4 {[%emt 0:00:08]} Nf6 {[%emt 0:00:44]} 4. Nf3 {[%emt 0:00:07]} d6 {[%emt 0:00:24]} 5. Be2 {[%emt 0:00:07]} Be7 {[%emt 0:00:08]} 6. O-O {[%emt 0:00:04]} O-O {[%emt 0:00:38]} 7. f5 {[%emt 0:00:14]} d5 {[%emt 0:00:14]} 8. Nbd2 {[%emt 0:00:16]} Qd6 {[%emt 0:03:31]} 9. Kh1 {[%emt 0:00:29]} Ng4 {[%emt 0:00:31]} 10. Nb3 {[%emt 0:00:15]} a5 {[%emt 0:01:39]} 11. a4 {[%emt 0:01:17]} b6 {[%emt 0:02:39]} 12. Qe1 {[%emt 0:00:25]} d4 {[%emt 0:01:04]} 13. Nfxd4 {[%emt 0:00:54]} Nxd4 {[%emt 0:00:13]} 14. Nxd4 {[%emt 0:00:03]} exd4 {[%emt 0:03:14]} 15. Bxg4 {[%emt 0:00:06]} Bf6 {[%emt 0:00:24]} 16. Bf4 {[%emt 0:00:17]} Be5 {[%emt 0:00:06]} 17. Bxe5 {[%emt 0:01:25]} Qxe5 {[%emt 0:00:06]} 18. Qh4 {[%emt 0:00:24]} f6 {[%emt 0:00:51]} 19. Rf3 {[%emt 0:01:01]} Bd7 {[%emt 0:00:41]} 20. Rh3 {[%emt 0:00:25]} h6 {[%emt 0:00:06]} 21. Rg3 {[%emt 0:01:58]} Qf4 {[%emt 0:00:25]} 22. Qh3 {[%emt 0:00:38]} Bxa4 {[%emt 0:00:36]} 23. Be2 {[%emt 0:04:26]} Bxc2 {[%emt 0:03:08]} 24. Rf1 {[%emt 0:00:28]} Qd2 {[%emt 0:00:42]} 25. Bh5 {[%emt 0:01:09]} a4 {[%emt 0:00:59]} 26. Qg4 {[%emt 0:00:15]} Qg5 {[%emt 0:00:05]} 27. Qe2 {[%emt 0:00:05]} Qh4 {[%emt 0:01:25]} 28. Rh3 {[%emt 0:00:30]} Bxd3 {[%emt 0:00:36]} 29. Qxd3 {[%emt 0:00:08]} Qg5 {[%emt 0:00:03]} 30. Qe2 {[%emt 0:01:35]} d3 {[%emt 0:00:21]} 31. Rxd3 {[%emt 0:00:38]} Rfd8 {[%emt 0:00:13]} 32. Rfd1 {[%emt 0:00:27]} Rxd3 {[%emt 0:01:36]} 33. Rxd3 {[%emt 0:00:11]} Qc1+ {[%emt 0:00:05]} 34. Rd1 {[%emt 0:00:08]} Qf4 {[%emt 0:00:06]} 35. Bf3 {[%emt 0:02:06]} a3 {[%emt 0:00:24]} 36. Qc4+ {[%emt 0:00:24]} Kh8 {[%emt 0:00:31]} 37. bxa3 {[%emt 0:00:12]} Qe5 {[%emt 0:00:42]} 38. Bh5 {[%emt 0:01:20]} b5 {[%emt 0:00:19]} 39. Qd3 {[%emt 0:00:14]} Qe7 {[%emt 0:00:32]} 40. Qxb5 {[%emt 0:01:43]} Qxa3 {[%emt 0:00:13]} 41. Qd7 {[%emt 0:00:05]} Rf8 {[%emt 0:00:14]} 42. Qxc7 {[%emt 0:00:36]} Qa8 {[%emt 0:00:21]} 43. Qe7 {[%emt 0:01:53]} Rg8 {[%emt 0:00:07]} 44. h3 {[%emt 0:00:28]} Qxe4 {[%emt 0:00:06]} 45. Qxe4 {[%emt 0:00:13]} 1-0

[Event "African Online-ch O50-Seniors 2021"]
[Site "Online"]
[Date "2021.02.01"]
[Round "2.2"]
[White "Mukabi, John"]
[Black "Ohlson, Cecil"]
[Result "1-0"]
[WhiteElo "1820"]
[BlackElo "1652"]
[Annotator "NA RC"]
[PlyCount "85"]
[EventDate "2021.02.01"]
[EventType "swiss"]
[EventCountry "NET"]
[SourceTitle "playchess.com"]
[Source "ChessBase"]
[SourceQuality "1"]
[TimeControl "1500+10"]

1. d4 {[%emt 0:00:00]} d5 {[%emt 0:00:04]} 2. Bf4 {[%emt 0:00:09]} c5 {[%emt 0:00:04]} 3. e3 {[%emt 0:00:08]} Nc6 {[%emt 0:00:03]} 4. Nf3 {[%emt 0:00:48]} Nf6 {[%emt 0:00:04]} 5. Nc3 {[%emt 0:00:32]} Bf5 {[%emt 0:00:40]} 6. Bd3 {[%emt 0:00:47]} Bxd3 {[%emt 0:00:24]} 7. Qxd3 {[%emt 0:00:07]} c4 {[%emt 0:00:27]} 8. Qd2 {[%emt 0:00:33]} Nh5 {[%emt 0:00:47]} 9. Bg3 {[%emt 0:01:06]} Nxg3 {[%emt 0:00:13]} 10. hxg3 {[%emt 0:00:06]} a6 {[%emt 0:01:44]} 11. e4 {[%emt 0:02:46]} e6 {[%emt 0:00:58]} 12. e5 {[%emt 0:02:06]} b5 {[%emt 0:00:24]} 13. Qf4 {[%emt 0:00:41]} Be7 {[%emt 0:02:17]} 14. Ne2 {[%emt 0:02:30]} Nb4 {[%emt 0:01:24]} 15. Qd2 {[%emt 0:00:45]} a5 {[%emt 0:00:51]} 16. a3 {[%emt 0:00:51]} Nc6 {[%emt 0:00:26]} 17. O-O {[%emt 0:03:04]} h6 {[%emt 0:01:39]} 18. Nf4 {[%emt 0:02:28]} Bg5 {[%emt 0:01:55]} 19. Rfd1 {[%emt 0:01:24]} Kd7 {[%emt 0:03:22]} 20. b3 {[%emt 0:00:54]} cxb3 {[%emt 0:01:57]} 21. cxb3 {[%emt 0:00:06]} Ne7 {[%emt 0:00:09]} 22. Qd3 {[%emt 0:00:25]} Qb6 {[%emt 0:01:12]} 23. b4 {[%emt 0:02:01]} axb4 {[%emt 0:00:40]} 24. axb4 {[%emt 0:00:06]} Nc6 {[%emt 0:00:06]} 25. Qb3 {[%emt 0:00:20]} Be7 {[%emt 0:00:11]} 26. Nxd5 {[%emt 0:01:06]} exd5 {[%emt 0:00:27]} 27. Qxd5+ {[%emt 0:00:05]} Kc7 {[%emt 0:00:17]} 28. Qxf7 {[%emt 0:00:14]} Rxa1 {[%emt 0:01:16]} 29. Rxa1 {[%emt 0:00:06]} Kd7 {[%emt 0:00:49]} 30. d5 {[%emt 0:00:52]} Nd8 {[%emt 0:00:04]} 31. Qf5+ {[%emt 0:00:16]} Ke8 {[%emt 0:00:13]} 32. e6 {[%emt 0:00:34]} Bf6 {[%emt 0:00:42]} 33. Rd1 {[%emt 0:00:28]} Qd6 {[%emt 0:00:23]} 34. Rc1 {[%emt 0:00:24]} Ke7 {[%emt 0:00:07]} 35. Rc5 {[%emt 0:00:19]} Qa6 {[%emt 0:00:37]} 36. Rc7+ {[%emt 0:00:14]} Kd6 {[%emt 0:00:12]} 37. Qf4+ {[%emt 0:00:06]} Kxd5 {[%emt 0:00:03]} 38. Rc5+ {[%emt 0:00:26]} Kxe6 {[%emt 0:00:09]} 39. Nd4+ {[%emt 0:00:11]} Bxd4 {[%emt 0:00:47]} 40. Qf5+ {[%emt 0:00:16]} Ke7 {[%emt 0:00:14]} 41. Rc7+ {[%emt 0:00:07]} Ke8 {[%emt 0:00:02]} 42. Qd7+ {[%emt 0:00:07]} Kf8 {[%emt 0:00:02]} 43. Qxd8# {[%emt 0:00:04]} 1-0

[Event "African Online-ch O50-Seniors 2021"]
[Site "Online"]
[Date "2021.02.01"]
[Round "2.3"]
[White "Slami, Zoheir"]
[Black "Belabbas, Haddouche"]
[Result "0-1"]
[WhiteElo "1932"]
[BlackElo "1776"]
[Annotator "TA"]
[PlyCount "130"]
[EventDate "2021.02.01"]
[EventType "swiss"]
[EventCountry "NET"]
[SourceTitle "playchess.com"]
[Source "ChessBase"]
[SourceQuality "1"]

{[%evp 15,130,28,38,0,34,29,34,33,46,0,9,-4,0,-69,-109,-218,-159,-168,-195,-270,-211,-286,-278,-285,-198,-809,-844,-827,-813,-810,-408,-403,-400,-402,-391,-481,-388,-483,-413,-457,-456,-431,-408,-406,-400,-400,-400,-397,-374,-407,-384,-433,-426,-470,-469,-466,-467,-447,-458,-448,-447,-435,-431,-425,-383,-437,-435,-457,-388,-444,-418,-572,-571,-570,-570,-600,-566,-579,-561,-545,-448,-545,-534,-545,-545,-628,-479,-659,-639,-940,-878,-1082,-928,-29985,-1631,-5595,-5591,-4898,-2970,-5219,-2095,-4798,-2163,-4614,-4610,-29954,-29959,-29966,-29969,-29973,-29973,-29973,-29969,-29988,-29989,-29998,-29999]} 1. d4 Nf6 2. c4 g6 3. e3 Bg7 4. Nf3 O-O 5. Be2 d6 6. O-O Nbd7 7. b3 e5 8. Bb2 Re8 9. Qc2 {E60: King's Indian: Unusual lines and Fianchetto Variation without Nc3.} e4 10. Nfd2 Nf8 {[%cal Bd7f8,Bf8h7,Bh7g5,Bg5f3][%mdl 32]} 11. Nc3 {[%cal Rc3e4] White is slightly better.} Bf5 12. h3 h5 13. Rac1 N8h7 14. d5 (14. Rfe1 $11) 14... Ng5 $15 {[#]} 15. h4 $146 {[#]} (15. Nd1 $17) ({Predecessor:} 15. Nb5 Nf3+ 16. Kh1 Nxd5 17. cxd5 Qh4 18. Bxg7 Bxh3 19. Bxf3 Bg4+ 20. Kg1 exf3 21. Nxf3 Bxf3 22. gxf3 Kxg7 {1-0 (36) Holly,M (1685)-Chovanec,V (2011) Slovakia 2002}) 15... Nf3+ $1 $19 {[%mdl 512]} 16. Bxf3 exf3 17. e4 fxg2 18. Kxg2 {[#]} Nxe4 {[%mdl 512]} 19. Ndxe4 Qxh4 20. Rh1 $2 (20. f3 Bh3+ 21. Kg1 Bxf1 22. Rxf1) 20... Qg4+ 21. Kf1 Rxe4 22. Qd1 Qxd1+ 23. Rxd1 Re7 24. Kg2 Rae8 25. Ba1 Bg4 26. f3 Bf5 27. Rhf1 a6 28. Rf2 Re3 29. Na4 Bxa1 30. Rxa1 Re2 31. Raf1 Re1 32. Nc3 Rxf1 33. Kxf1 {[%mdl 4096] Endgame KRB-KRN} Re3 34. Nd1 Bh3+ 35. Kg1 Re1+ 36. Kh2 Rxd1 37. Kxh3 {KR-KR} Kg7 38. Re2 Kf8 39. Kg3 Rd4 40. f4 Rd3+ 41. Kh4 Rd1 42. Rf2 Re1 43. f5 {If only White now had time for fxg6....} Kg7 44. fxg6 fxg6 45. Kg5 Re5+ 46. Kh4 Re4+ 47. Kg3 Re7 48. b4 Re4 49. Rc2 Kf6 50. a3 Kg5 51. Rc3 h4+ 52. Kh3 Kh5 53. c5 g5 {( -> ...Re2)} 54. cxd6 cxd6 (54... Re2 $142 55. Rg3 cxd6 56. Rg2 g4+ 57. Kh2 g3+ 58. Kh3 Rxg2 {[%mdl 64] Overworked Piece} 59. Kxg2 Kg4 60. Kf1 h3 61. Kg1 Kf3 62. Kf1 g2+ 63. Ke1 g1=Q+ 64. Kd2 h2 65. Kc2 h1=Q 66. Kc3 Qe3+ 67. Kb2 Qh2+ 68. Kb1 Qeg1#) 55. Rc7 Re3+ 56. Kg2 Rxa3 57. Rxb7 Rd3 (57... Kg4 $142 58. Kf2 h3) 58. Rb6 Rxd5 (58... h3+ $142 59. Kh2 Kh4 60. Rc6 Rd2+ 61. Kh1 h2 62. Rc1 g4 63. Rd1 Rxd1+ 64. Kxh2 Rd2+ 65. Kg1 g3 66. b5 Kh3 67. Kf1 g2+ 68. Kg1 Kg3 69. bxa6 Rd1#) 59. Rxa6 Rb5 60. Rxd6 Rxb4 {Black mates.} 61. Rd2 Kg4 62. Ra2 h3+ 63. Kh2 Kh4 64. Rc2 g4 65. Ra2 g3+ {Black took control after the opening.  Weighted Error Value: White=0.50/Black=0.25} 0-1

[Event "African Online-ch O50-Seniors 2021"]
[Site "Online"]
[Date "2021.02.01"]
[Round "2.4"]
[White "Fernandes, Luis De Pina"]
[Black "Flora, Francisco Jose Estev"]
[Result "1-0"]
[WhiteElo "1601"]
[BlackElo "1808"]
[Annotator "NA RC"]
[PlyCount "47"]
[EventDate "2021.02.01"]
[EventType "swiss"]
[EventCountry "NET"]
[SourceTitle "playchess.com"]
[Source "ChessBase"]
[SourceQuality "1"]
[TimeControl "1500+10"]

1. e4 {[%emt 0:00:00]} c5 {[%emt 0:00:26]} 2. Nc3 {[%emt 0:00:16]} d6 {[%emt 0:00:17]} 3. g3 {[%emt 0:00:16]} Nf6 {[%emt 0:00:27]} 4. Bg2 {[%emt 0:00:04]} Nc6 {[%emt 0:00:11]} 5. Nge2 {[%emt 0:00:47]} g6 {[%emt 0:00:16]} 6. d4 {[%emt 0:01:37]} cxd4 {[%emt 0:00:17]} 7. Nxd4 {[%emt 0:00:03]} Bd7 {[%emt 0:00:17]} 8. O-O {[%emt 0:00:05]} Bg7 {[%emt 0:00:22]} 9. Be3 {[%emt 0:01:32]} O-O {[%emt 0:00:16]} 10. Nd5 {[%emt 0:02:29]} e6 {[%emt 0:01:24]} 11. Nxf6+ {[%emt 0:00:08]} Bxf6 {[%emt 0:02:16]} 12. c3 {[%emt 0:00:04]} a6 {[%emt 0:01:53]} 13. Qd2 {[%emt 0:01:49]} Qc7 {[%emt 0:00:15]} 14. f4 {[%emt 0:02:40]} Rac8 {[%emt 0:01:35]} 15. Rad1 {[%emt 0:00:09]} Be7 {[%emt 0:02:47]} 16. f5 {[%emt 0:04:57]} Nxd4 {[%emt 0:03:27]} 17. Qxd4 {[%emt 0:00:43]} e5 {[%emt 0:01:12]} 18. Qd2 {[%emt 0:01:03]} f6 {[%emt 0:00:35]} 19. fxg6 {[%emt 0:01:01]} hxg6 {[%emt 0:00:24]} 20. Qd5+ {[%emt 0:03:49]} Kg7 {[%emt 0:01:28]} 21. Qd2 {[%emt 0:00:06]} Rh8 {[%emt 0:00:40]} 22. Qe2 {[%emt 0:01:51]} Qc6 {[%emt 0:00:36]} 23. Bf3 {[%emt 0:00:04]} Qc5 {[%emt 0:00:08]} 24. Bxc5 {[%emt 0:00:06]} 1-0

[Event "African Online-ch O50-Seniors 2021"]
[Site "Online"]
[Date "2021.02.01"]
[Round "2.5"]
[White "Molapo, Joang"]
[Black "De Villiers, Charles"]
[Result "0-1"]
[WhiteElo "1607"]
[BlackElo "2110"]
[Annotator "TA"]
[PlyCount "44"]
[EventDate "2021.02.01"]
[EventType "swiss"]
[EventCountry "NET"]
[SourceTitle "playchess.com"]
[Source "ChessBase"]
[SourceQuality "1"]

{[%evp 15,43,-30,-30,-46,-48,-110,-66,-63,-44,-42,-31,-35,-3,-24,-24,-43,-45,-37,-63,-210,-204,-872,-876,-856,-854,-714,-730,-29993,-681,-29999]} 1. d4 d6 2. c4 e5 3. e4 exd4 4. Qxd4 Nc6 5. Qd1 Nf6 6. Nc3 g6 7. Nf3 Bg7 8. Be2 O-O 9. O-O {A53: Old Indian Defence without Nf3.} Re8 10. Qc2 (10. Bg5 $15) 10... Nb4 11. Qb1 {Black is slightly better.} c6 12. Bg5 h6 {[#]} 13. Be3 $146 ({Predecessor:} 13. Bh4 g5 14. Bg3 Nh5 15. Qd1 Nxg3 16. hxg3 Qe7 17. Re1 Bd7 18. Qd2 Rad8 19. Rad1 {1-0 (65) Gesser,B (2291)-Makropoulou,M (2243) Heraklion 2007}) 13... Qe7 {[%cal Rf6e4]} 14. a3 Na6 {[%cal Rf6e4]} 15. Nd2 Nc5 $36 {[%mdl 2048] Black has good play.} 16. Bxc5 dxc5 17. f3 {[#] White does not recover from this.} (17. Qc2 $15) 17... Nh5 $1 $19 18. Re1 $2 (18. g3) 18... Qh4 {( -> ...Bd4+)} 19. Nf1 Bd4+ 20. Kh1 Qf2 {[%csl Gd4][%cal Rf2g1]} 21. Nd2 Nf4 (21... Re5 $142 22. f4 Nxf4 23. Rg1 Bxc3 24. Qf1 Qxf1 25. Nxf1 Nxe2 26. bxc3 Nxg1 27. Kxg1 Rxe4 28. h3 Be6 29. Ng3 Rxc4 30. Rc1 Rd8 31. Rc2 Ra4 32. Rf2 Rxa3 33. Rc2 b5 34. Kf2 a5 35. h4 Rd3 36. Ne4 Bf5 37. Nf6+ Kg7 38. Ne8+ Kf8 39. Re2 Raxc3 40. Nf6 a4 41. h5 c4 42. g4 Rf3+ 43. Kg2 Rg3+ 44. Kh2 Bxg4 45. Nxg4 Rxg4 46. Re5 gxh5 47. Rxh5 Rd4 48. Rf5 Rd2+ 49. Kg1 Rc1+ 50. Rf1 Rxf1+ {[%mdl 64] Back Rank} 51. Kxf1 Rb2 52. Kg1 a3 53. Kf1 a2 54. Kg1 a1=Q#) 22. Bf1 Qg1# {Weighted Error Value: White=1.42/Black=0.55} 0-1